Critical Role: All Campaign Party Members - Statistics

General Stats
  • This quiz has been taken 236 times
  • The average score is 23 of 28
Answer Stats
Answer % Correct
Travis Willingham Grog Strongjaw
97%
Laura Bailey Vex'ahlia
97%
Taliesin Jaffe Percival Fredrickstein von Musel Klossowski de Rolo III
95%
Liam O'Brien Vax'ildan
95%
Liam O'Brian Caleb Widogast
91%
Laura Bailey Jester Lavore
91%
Marisha Ray Keyleth of the Air Ashari
91%
Ashley Johnson Pike Trickfoot
91%
Sam Riegel Scanlan Shorthalt
91%
Travis Willingham Fjord
90%
Marisha Ray Beauregard Lionett
89%
Taliesin Jaffe Mollymauk Tealeaf
88%
Sam Riegel Veth Brenatto
87%
Sam Riegel Fresh Cut Grass
85%
Ashley Johnson Yasha Nydoorin
82%
Marisha Ray Laudna
81%
Taliesin Jaffe Ashton Greymoore
78%
Taliesin Jaffe Caduceus Clay
77%
Travis Willingham Chetney Pock O'Pea
77%
Laura Bailey Imogen Temult
76%
Ashley Johnson Fearne Calloway
74%
Liam O'Brian Orym of the Air Ashari
74%
Sam Riegel Taryon Darrington
69%
Orion Acaba Tiberius Stormwind
69%
Travis Willingham Bertrand Bell
68%
Matthew Mercer Essek Thelyss
65%
Robbie Daymond Dorian Storm
62%
Taliesin Jaffe Kingsley Tealeaf
56%
No matching quizzes found
Score Distribution
Percent of People with Each Score
Percentile by Number Answered
Your Score History
You have not taken this quiz